| 000 | 00898nam a2200265 i 4500 | ||
|---|---|---|---|
| 001 | 112600 | ||
| 003 | ES-MaACL | ||
| 005 | 20250731070134.0 | ||
| 007 | t| | ||
| 008 | 061121s1983 sp |||| | spa d | ||
| 020 | _a84-306-2991-2 | ||
| 080 | _a821.134.2-3.09"19"(04) | ||
| 245 | 0 | 3 |
_aLa novela lírica / _cedición de Darío Villanueva. |
| 260 |
_aMadrid : _bTaurus, _c1983. |
||
| 300 |
_a2 v. ; _c21 cm. |
||
| 490 | 1 |
_aPersiles. El escritor y la crítica ; _v141-142 |
|
| 504 | _aBibliografía. | ||
| 505 | 8 | _aContiene: I: Azorín, Gabriel Miró - II: Ramón Pérez de Ayala, Benjamín Jarnés | |
| 650 | 0 | 4 |
_aNovela española- _yS.XX- _xHistoria y crítica _915617 |
| 700 | 1 |
_aVillanueva, Darío, _d1950- _9241353 |
|
| 830 | 0 |
_aPersiles. _pSerie El escritor y la crítica ; _v141-142 _9187530 |
|
| 852 |
_aES-MaACL _jL-5155-56 |
||
| 942 | _2udc | ||
| 999 |
_c112600 _d112600 |
||